00417nam a2200145Ia 4500008004100000082001000041100001700051245001900068260002800087630001900115730001900134942000900153999001900162952009000181100328s9999 xx 000 0 und d b36848 aDenker Henry aA Gift Of Life bThe Poperback Division aA Gift Of Life aA Gift Of Life cBOOK c526418d526415 00104070aRNVbRNVd2010-03-28l0pRNV-36848r2010-03-28 00:00:00w2010-03-28yBOOK